Library Catalog

Momenticon / (Record no. 492719)

MARC details
000 -LEADER
fixed length control field 00868nam a22002297a 4500
003 - CONTROL NUMBER IDENTIFIER
control field OSt
005 - DATE AND TIME OF LATEST TRANSACTION
control field 20260512142824.0
008 - FIXED-LENGTH DATA ELEMENTS--GENERAL INFORMATION
fixed length control field 260512b |||||||| |||| 00| 0 eng d
020 ## - INTERNATIONAL STANDARD BOOK NUMBER
International Standard Book Number 9781529415469
040 ## - CATALOGING SOURCE
Original cataloging agency Kenya National Library Service
082 ## - DEWEY DECIMAL CLASSIFICATION NUMBER
Classification number 823.92 CAL
100 ## - MAIN ENTRY--PERSONAL NAME
Personal name Caldecott, Andrew
245 ## - TITLE STATEMENT
Title Momenticon /
Statement of responsibility, etc. Andrew Caldecott ; illustrated by Nicola Howell Hawley.
300 ## - PHYSICAL DESCRIPTION
Extent 362 pages :
Other physical details illustrations ;
Dimensions 20 cm
520 ## - SUMMARY, ETC.
Summary, etc. Momenticon is a contemporary speculative fiction novel set in a post-apocalyptic future where humanity survives in domed environments after atmospheric collapse, blending dystopian and science-fiction themes
650 ## - SUBJECT ADDED ENTRY--TOPICAL TERM
Topical term or geographic name entry element Science fiction
650 ## - SUBJECT ADDED ENTRY--TOPICAL TERM
Topical term or geographic name entry element Dystopian fiction
700 ## - ADDED ENTRY--PERSONAL NAME
Personal name Hawley, Nicola Howell
942 ## - ADDED ENTRY ELEMENTS (KOHA)
Source of classification or shelving scheme Dewey Decimal Classification
Koha item type Books
Suppress in OPAC No
Holdings
Withdrawn status Source of classification or shelving scheme Damaged status Not for loan Home library Current library Date acquired Source of acquisition Cost, normal purchase price Total checkouts Full call number Barcode Date last seen Price effective from Koha item type
  Dewey Decimal Classification     Buru Buru Library Acquisition, Cataloguing, Classification and Distribution Development 05/12/2026 BAI 1249.00   823.92 CAL B231658 05/12/2026 05/12/2026 Books

© 2025, Kenya National Library Service | Designed & Maintained by Uvumbuzi Center